Villes traversées par l'autoroute A83 - autoroute des estuaires - Statistiques

Statistiques générales
  • Ce quiz a été pris 25 fois
  • Le résultat moyen est 4 sur 5
Statistiques - réponses
ville population kilomètre % Correct
Nantes 333 987 0
100%
Niort 59 487 152
100%
Fontenay-le-Comte 13 471 99
80%
Rezé 44 829 1
70%
Montaigu-Vendée 20 916 20
65%
Aucun quiz correspondant
Distribution des résultats
% des personnes avec chaque résultat
Percentile par nombre de réponses
Votre historique - résultats
Vous n’avez pas pris ce quiz